| 000 | 01188cab a2200325 4500 | ||
|---|---|---|---|
| 001 | ABS48838 | ||
| 008 | 090401t1993 xxu||||| |||| 00| 0 eng d | ||
| 035 | _a(Sirsi) u68746 | ||
| 041 | _aeng | ||
| 100 | _aMason, N. | ||
| 245 | _aSection 25 notices: tactics and traps | ||
| 260 | _c1993 | ||
| 350 | _a0 | ||
| 490 |
_aRent Review & Lease Renewal _v13(3) Summer 1993, 183-190(8) |
||
| 520 | _aA checklist for terminating a tenancy through a s25 notice. Points include whether it is necessary to serve a s25 notice, the time to serve the notice, the application of ss44 and 65 and Sch 6 of the Act where there are sub-tenants, the form of the notice and the actual service of the notice. | ||
| 650 | _aBUSINESS TENANCIES | ||
| 650 | _aCOMPETENT LANDLORDS | ||
| 650 | _aLANDLORD AND TENANT ACT 1954 S25 | ||
| 650 | _aLANDLORD AND TENANT ACT 1954 S44 | ||
| 650 | _aLANDLORD AND TENANT ACT 1954 S65 | ||
| 650 | _aLANDLORD AND TENANT ACT 1954 | ||
| 650 | _aLEASE RENEWAL | ||
| 650 | _aNEW TENANCY | ||
| 650 | _aPRESCRIBED FORMS | ||
| 650 | _aTIMING | ||
| 690 | _aLANDLORD AND TENANT-BUSINESS TENANCIES | ||
| 700 | _aGordon, A. | ||
| 942 | _n0 | ||
| 948 | _c04/03/1997 | ||
| 999 |
_c43145 _d43145 |
||